000 00828 a2200217 4500
001 122953
020 _a9781407124896
040 _cEscola Canadense de Niteroi
090 _aROW
100 _aRowden, Siobhan
245 1 0 _aThe curse of the Bogle's beard
300 _a281 p.
_c4 x 0.79 x 7.28 inches (paperback)
362 0 _a2012
490 0 _aCurse of Bogle's Beard
520 _aBarnaby's dad has mysteriously disappeared and now Barnaby is forced to live with Granny Hogsflesh, proud ruler of a vast pickling empire. Everything in Granny's mansion is a hideous shade of puple and stinks of vinegar - including Granny herself. What's more, she's clearly hiding some dark secrets
650 4 _aChildren's Literature
650 4 _aFamily Secrets
650 4 _aHumor (English)
650 4 _aCurses
942 _cBK
999 _c122953
_d122953